00535nam a2200205 a 4500001001300000003000900013005001700022008004100039020001000080082001500090100002100105245004600126260004100172300000900213500003500222505001000257650001200267650002900279700002100308nice12345678IN_TiNIC20260116011524.0050524s1928 lona grp 000 0 eng  ac10000a232.1bRAW aRawlinson, A E J aEssays on the Trinity and the Incarnation aLondonbLongmans, Green and Coc1928 a415p aincludes index and biblioraphy2 aIndex aTrinity aJesus Christ-Messiahship1 aRawlinson, A E J